[Event "FIDE Candidates 2018"]
[Site "Berlin GER"]
[Date "2018.03.19"]
[Round "8.2"]
[White "Grischuk, Alexander"]
[Black "Kramnik, Vladimir"]
[Result "1-0"]
[WhiteElo "2767"]
[BlackElo "2800"]
[PlyCount "181"]
[EventDate "2018.03.10"]

1. c4 e6 2. Nc3 d5 3. d4 Nf6 4. Nf3 c5 5. e3 dxc4 6. Bxc4 a6 7. Bb3 ({Instead,
the world champion chose:} 7. O-O b5 8. Be2 Bb7 9. dxc5 Bxc5 10. Qxd8+ Kxd8 11.
Nd2 {against Wesley So and later won, Carlsen,M (2832)-So,W (2815) chess.com
INT 2017}) 7... b5 8. e4 cxd4 9. Nxd4 Bb7 {The opening that Kramnik chose is
somewhat provocative as he is lagging in development. Grischuk has every right
to play aggressively.} 10. e5 $146 ({Therapeutic measures do not yield White
anything:} 10. O-O Nc6 11. Be3 Bd6 12. Nxc6 Bxc6 13. Bd4 Qc7 14. Bxf6 gxf6 15.
Qh5 O-O {with equality in the predecessor Maljush,A (2344)-Kupreichik, V (2464)
Minsk 2004}) 10... Ne4 {The alternatives were:} (10... Bxg2 $2 {which drops a
piece after} 11. Rg1) (10... Nd5 {which gives full control to White after} 11.
Nxd5 Bxd5 12. O-O Bxb3 13. axb3) ({And} 10... Nfd7 {which allows the dangerous
sacrifice} 11. Bxe6 fxe6 12. Nxe6 Qc8 13. O-O) 11. O-O ({Safer and easier seems
} 11. Nxe4 Bxe4 12. O-O {with the idea to exploit the position of the black
bishop for further tempo-gainers, such as Qd1-g4 at the proper moment. If} Nc6
13. Nxc6 Bxc6 ({Better is} 13... Qxd1 14. Rxd1 Bxc6 15. Be3 {although White is
a bit better in the endgame as well.}) 14. Qg4 {with advantage for White.})
11... Nxc3 12. bxc3 Nc6 13. a4 ({Also interesting is} 13. Qf3 Rc8 {with the
idea} 14. Nxc6 Bxc6 ({The cunning} 14... Qh4 $5 {to deprive White of the
Qf3-g3 maneuver is answered by the even more cunning} 15. Bd5 $5 exd5 16. Nd4 {
when White is better.}) 15. Qg3) 13... Bc5 $1 {Kramnik catches up with the
development as quickly as he can.} 14. axb5 axb5 ({Weaker is} 14... Nxd4 15.
cxd4 Bxd4 16. Ra4 Bxe5 17. Qh5 {when White gets everything that he wants.}) 15.
Rxa8 Bxa8 16. Nxb5 O-O {Just sacking the pawn.} ({White wins a pawn after} 
16... Qxd1 17. Rxd1 Nxe5 18. Nc7+ Ke7 19. Bg5+ f6 20. Nxe6 fxg5 21. Nxc5 Rc8
22. Na4) ({However} 16... Nxe5 {looks solid enough. For example:} 17. Qe2 ({
White has nothing in case of:} 17. Qxd8+ Kxd8 18. Rd1+ (18. Bg5+ f6) 18... Ke7)
17... Nd7 18. Rd1 O-O) 17. Qxd8 Rxd8 18. Bf4 h6 19. h4 Ne7 {For the pawn Black
has more active pieces and the c3 pawn is far from dangerous.} 20. Rd1 Rb8 $1 {
The black rook is more valuable than his counterpart.} ({Surely not} 20...
Rxd1+ 21. Bxd1) 21. Bc4 ({After} 21. c4 Bc6 22. Ba4 Nf5 {Black gets strong
counter-play on the kingside. Say:} 23. h5 Nh4 24. g3 Nf3+ 25. Kf1 Nh2+ 26. Kg1
Ng4 $1) 21... Bc6 22. Nd4 Be4 (22... Bxd4 23. cxd4 Nf5 {should be easy to draw
for Black (Svidler).}) 23. h5 (23. Re1 $5 Bg6 24. Be3 {might be better.}) 23...
Nd5 24. Bxd5 ({In the coming time-trouble Grischuk wants to keep the black
rook away from the second rank:} 24. Bd2 Rb2 25. Bxd5 Bxd5 26. Be3) 24... Bxd5
{With the gain of the bishop pair Black's compensation became more obvious.
Experienced players know that the power of the pair often compensates for a
pawn.} 25. Be3 Rc8 ({If} 25... Rb2 26. Ra1 $1) 26. Re1 Bc4 27. Nf3 Ba3 28. Bd4
Bd3 29. Nd2 Bb2 30. Nf1 Rc4 ({Or} 30... Kf8 31. Re3 Bh7) 31. Re3 Bf5 ({Kramnik
rejected} 31... Bxc3 32. Bxc3 Rxc3 {because he could not see a way to break
the pin after} 33. f3 {However, there is no progress either as White cannot
win without the king but whenever he tries to activate it , say like this-} g6
34. hxg6 fxg6 35. Kh2 {then the rook escapes-} Rc1 {with a draw.}) 32. Ng3 Bh7
33. Kh2 $1 {Now the king enters the battle in a slightly unusual way and Black
has to fight for his life.} Bc1 34. Re2 Bf4 35. Kh3 Ra4 (35... Bg5 $5 {was
interesting with the idea to generate counterplay after} 36. Kg4 Bd3 37. Ra2 f6
) 36. Kg4 Bc1 37. Kf3 Bd3 38. Re1 Bb2 39. Ke3 Bc2 40. Kd2 Bb3 $6 {Kramnik
believed this was wrong and suggested to keep the bishop on the b1-h7 diagonal.
} (40... Bh7 41. Ne4) 41. Rb1 {The first time control is finally reached and
Grischuk starts improving everything that he can.} Ra2 42. Kd3 Ba4 43. Ne4 Ba3
44. Ke3 Bc2 45. Re1 Bb3 46. g4 Bd5 47. Kd3 Be7 48. Rb1 Ra8 49. f4 Bh4 50. Rh1
Bd8 51. Rb1 Bc7 52. Ke3 Kh7 53. Nd6 Kg8 ({The opposite-colored bishop endgame
after} 53... Bxd6 $2 54. exd6 Rd8 55. Rb6 {is lost for Black.}) 54. Rb5 Bc6 55.
Rb4 Bd8 56. Bb6 Bh4 57. Bd4 Bg2 58. Rb2 Bc6 59. Rb6 Bg2 60. Rb2 Bc6 61. Rb3 Bg3
{So far so good, but here White hurried to push the pawn.} 62. c4 $6 ({Instead
he should have prepared it for one more move-} 62. Ne4 Bh4 ({Here} 62... Bh2 {
is just bad due to} 63. Rb2 Bg1+ 64. Kd3 Bxd4 65. Kxd4) 63. c4 {with decent
winning chances.}) 62... Bh2 $1 {Now Black is back in business.} 63. f5 ({
White has nothing more than repetition in the line} 63. c5 Bd5 64. Rc3 Bc6)
63... exf5 64. Nxf5 ({According to Kramnik, Grischuk should have gone for} 64.
gxf5 f6 65. Rb6) 64... Kh7 65. Bb2 {Once again the players entered the
low-time phase.} Re8 (65... Ra2 $5) 66. Nd6 Re7 67. Rb8 f6 68. Rc8 Bh1 $6 {
Getting overly ambitious again.} ({Instead} 68... Bxe5 69. Bxe5 Rxe5+ 70. Kf4
Bd7 {"should be a draw" (Kramnik) although it is evident that Black needs to
suffer for it.}) ({However Kramnik's second idea} 68... Bd7 $1 {was strong
when after} 69. Rc7 fxe5 70. c5 e4 $1 {would be the correct move order. Here
Black is perfectly fine.} ({Rather than} 70... Bf4+ {which allows the
interesting resource:} 71. Ke4 (71. Kf2 e4) 71... Bf5+ 72. gxf5 Rxc7 73. Kd5))
69. Nf5 Rb7 70. exf6 ({Even stronger was:} 70. e6 $1 Rb3+ 71. Bc3) 70... Rb3+ {
This was the position that Black evaluated in his favor, but..} 71. Bc3 $1 {
Kramnik completely missed this study-like idea.} ({Instead} 71. Kd4 Bg1+ 72.
Ke5 {is perpetual after} gxf6+ 73. Kxf6 Rxb2 74. Rc7+) ({While} 71. Kf2 {drops
the bishop} Rxb2+) 71... gxf6 (71... Rxc3+ 72. Kd4 {wins for White.}) 72. Kd2
Bf4+ 73. Kc2 {Grischuk kept the extra pawn but what's more important has nasty
threats in the time-trouble.} Rb8 74. Rxb8 Bxb8 75. Ne7 $1 {"Very strong
practical chance." (Kramnik)} (75. Bxf6 {is a draw after} Bf3 76. Ne3 Ba7 77.
Kd3 Bxe3 78. Kxe3 Bxg4) 75... Be4+ ({Kramnik's suggestion} 75... Ba7 {does not
seem convincing here:} 76. Kd3 Bf3 77. Nd5) ({Best seems to be} 75... Bf3 76.
Nd5 Be5 77. Bxe5 fxe5 78. Ne3 Kg7 {when Black has chances to hold.}) 76. Kd2
Bf4+ {White soon won second pawn and the game.} 77. Ke2 Kg7 (77... Bg5 78. c5)
78. Nf5+ Kf7 79. Bd2 Be5 80. Bxh6 Ke6 81. Be3 Bxf5 82. gxf5+ Kxf5 83. h6 Kg6 ({
Or} 83... Ke4 84. h7 f5 85. c5 Kd5 86. Kd3) 84. c5 f5 85. Kf3 Kf7 86. Bf4 Bd4
87. c6 Ke7 88. c7 Kd7 89. h7 Kc8 90. Ke2 Kd7 91. Kd3 1-0

[Event "FIDE Candidates 2018"]
[Site "Berlin GER"]
[Date "2018.03.20"]
[Round "9"]
[White "So, Wesley"]
[Black "Grischuk, Alexander"]
[Result "1/2-1/2"]
[WhiteElo "2799"]
[BlackElo "2767"]
[PlyCount "68"]
[EventDate "2018.03.10"]

1. e4 e5 2. Nf3 Nc6 3. Bb5 Nf6 4. O-O Nxe4 5. Re1 Nd6 6. Nxe5 Be7 7. Bf1 Nxe5
8. Rxe5 O-O 9. d4 Bf6 10. Re1 Re8 11. Bf4 (11. Rxe8+ Nxe8 12. c3 d5 13. Bf4 c6
14. Nd2 g6 15. Bd3 Ng7 16. h3 Bf5 {Anand,V (2776)-Grischuk,A (2767) Moscow 2018
}) 11... Rxe1 12. Qxe1 Ne8 13. c3 d5 14. Bd3 g6 15. Qe2 c6 16. Nd2 Ng7 17. Re1
Bf5 18. Bxf5 Nxf5 19. Nf3 Ng7 20. Be5 Ne6 (20... Bxe5 21. Nxe5 Qd6) 21. Bxf6
Qxf6 22. Ne5 Re8 23. g3 $146 (23. Ng4 Qd8 24. Qe5 Ng7 25. Qxe8+ Nxe8 26. Rxe8+
Qxe8 27. Nf6+ Kf8 28. Nxe8 Kxe8 29. Kf1 (29. f4 f5 30. Kf2 b5 31. b4 Kf7 32. h3
(32. g3 Kf6 33. Kf3 Ke6 34. Ke3 Kf6 35. Kf3 Ke6 {1/2-1/2 (35) Carlsen,M (2872)
-Anand,V (2773) Zurich SUI 2014}) 32... h6 33. h4 h5 {1/2-1/2 (33) Carlsen,M 
(2870)-Anand,V (2775) Chennai IND 2013}) 29... Ke7 30. Ke2 Ke6 31. Ke3 Kf5 {
½-½ Motylev,A (2658)-Potkin,V (2594) Fufeng 2017}) 23... Ng7 24. Kg2 Re6 25.
Qd1 Qe7 26. Nd3 Rxe1 27. Qxe1 Qxe1 28. Nxe1 Nf5 29. Nd3 Kf8 30. g4 Nd6 31. h4
h6 32. f3 Ke7 33. Kf2 g5 34. hxg5 hxg5 1/2-1/2

[Event "FIDE Candidates 2018"]
[Site "Berlin GER"]
[Date "2018.03.20"]
[Round "9"]
[White "Aronian, Levon"]
[Black "Mamedyarov, Shakhriyar"]
[Result "1/2-1/2"]
[WhiteElo "2794"]
[BlackElo "2809"]
[PlyCount "82"]
[EventDate "2018.03.10"]

1. d4 Nf6 2. c4 e6 3. Nf3 d5 4. g3 Be7 5. Bg2 O-O 6. O-O dxc4 7. Qc2 b6 {
Aronian got surprised by this.} 8. Qxc4 Bb7 9. Nc3 c5 10. Rd1 Nbd7 (10... cxd4
11. Bf4 Qc8 12. Qxc8 Rxc8 13. Nb5 {Mamedyarov}) 11. Ne5 (11. dxc5 Bxc5 12. b4
Bxf2+ 13. Kxf2 Rc8 14. Qf4 Rxc3 15. Bb2 Rc7 {Bu,X (2710)-Bacrot,E (2715)
Tbilisi 2017}) 11... Bxg2 12. Kxg2 Qc8 13. Nxd7 Qxd7 14. dxc5 Qc6+ 15. f3 $146
(15. e4 a6 16. Qe2 Bxc5 17. Bg5 Be7 18. Rac1 Qb7 19. Qf3 h6 20. Bf4 Rfd8 {
Fridman,D (2607)-Rambaldi,F (2544) Bergamo 2016}) 15... Qxc5 16. Qxc5 Bxc5 17.
Bf4 Rfd8 18. e4 Ne8 19. Kf1 Kf8 20. Ke2 Ke7 $6 (20... f6 {Mamedyarov}) 21. Nb5
Rdc8 22. Rac1 a6 23. Nc3 b5 24. a4 (24. e5 $5 {(Dreev)} Bb6 $1 25. Ne4 Rxc1 26.
Rxc1 Bd4) 24... Bd6 25. Be3 Rab8 (25... Be5 26. axb5 axb5 27. Nxb5 Bxb2 28.
Bc5+ Kf6) 26. axb5 axb5 27. Ba7 Rb7 28. Bd4 Rc4 29. e5 Bc5 30. Nd5+ exd5 31.
Bxc5+ Ke6 32. b3 $2 {"Crazy blunder." (Aronian)} (32. Bd4 Rbc7 33. Ra1 Ra4)
32... Rxc1 33. Rxc1 Kxe5 34. Kd3 Ke6 35. Bb4 Kd7 36. Kd4 (36. Re1 Nc7 37. Re7+
Kc6 38. Rxf7 Na6 39. Rf4 (39. Be7 Nc5+) 39... Nxb4+ 40. Rxb4 Rf7) 36... Nc7 37.
Ba5 Ne6+ 38. Kxd5 Ra7 39. b4 Ra6 40. f4 Rd6+ 41. Ke4 Rd4+ 1/2-1/2

[Event "FIDE Candidates 2018"]
[Site "Berlin GER"]
[Date "2018.03.20"]
[Round "9"]
[White "Karjakin, Sergey"]
[Black "Kramnik, Vladimir"]
[Result "1-0"]
[WhiteElo "2763"]
[BlackElo "2800"]
[PlyCount "81"]
[EventDate "2018.03.10"]

1. c4 e6 2. Nc3 d5 3. d4 Nf6 4. cxd5 Nxd5 5. e4 Nxc3 6. bxc3 c5 7. Rb1 Be7 8.
Nf3 (8. Bb5+ Bd7 9. Bd3 cxd4 10. cxd4 Nc6 11. Be2 Rc8 12. Nf3 Qa5+ 13. Bd2 Bb4
{Mamedyarov,S (2809)-Kramnik,V (2800) Berlin GER 2018}) 8... O-O 9. h4 $146 {
"Our preparation. An idea of my second Alexander Riazantsev. It's also
important that the computer doesnt really show it."} (9. Bc4 Qc7 10. Qe2 a6 11.
O-O b5 12. Bd3 Bb7 13. a4 bxa4 14. Bf4 Qc8 {Carlsen,M (2832)-So,W (2815) chess.
com INT 2017}) 9... cxd4 10. cxd4 Nc6 11. h5 f5 $5 {"Very hard to expect but I
don't really believe it." (Karjakin)} ({"Of course we expected} 11... h6 {
to prevent h6." (Karjakin)}) 12. exf5 ({"I could have played} 12. e5 {as I
discussed with Alexei Shirov [who visited the tournament today - PD], but I
didn’t like that he will play} b6 {and gradually block d5, put the bishop on
b7..." (Karjakin)}) 12... Qa5+ 13. Bd2 Qxf5 14. Bc3 $1 {An important move. Now
d4 is protected, and Bd3 is threatened.} h6 (14... Qg4 15. Be2 Qxg2 16. Rg1 Qh3
17. d5 $1 {Karjakin}) (14... b6) 15. Bd3 Qg4 16. Kf1 e5 {"Interesting, but too
sharp and I think bad, but practically interesting." (Karjakin)} 17. d5 e4 (
17... Nd4 18. Nxe5 Qf4 19. Bxd4 Qxd4 20. Bh7+) 18. dxc6 exf3 19. gxf3 Rxf3 ({
Relatively better was} 19... Qxf3 20. Qxf3 Rxf3 21. Ke2 Rxd3 22. Kxd3 Bf5+ 23.
Ke2 bxc6 {Karjakin}) 20. Be2 ({"To play} 20. cxb7 Bxb7 21. Qb3+ Kh8 22. Qxb7
Raf8 23. Qe4 Rxf2+ 24. Ke1 {over the board was a bit too much." (Karjakin)})
20... Rxf2+ (20... Rh3 21. Rg1 Qf4 22. Qd5+) 21. Kxf2 Bc5+ 22. Kf1 Qf4+ (22...
Qg3 23. Qd5+ Be6 24. Qxe6+ Kh8 25. Qxh6+) 23. Bf3 bxc6 {"Somehow it wasn't so
easy." (Karjakin)} 24. Be1 $1 {Good defense.} Be6 25. Bh4 Rf8 26. Kg2 Kh8 {
"A brilliant move." (Karjakin)} 27. Rc1 ({Karjakin didn't like} 27. Bg3 Qg5 {
because Black threatens to take on f3 but there is the move} 28. Re1 $1 {
with the idea} Rxf3 29. Qxf3 Bd5 30. Re4) 27... Rf5 $1 {In time trouble
Kramnik finds another good try.} 28. Rc3 Rd5 (28... Bd4 29. Rxc6 Rg5+ 30. Bxg5
Qxg5+ 31. Kf1 Bh3+ 32. Ke1 Qg3+ 33. Kd2 Qf4+ 34. Kc2 Bf5+ 35. Kb3 Qe3+ 36. Ka4
{Karjakin}) (28... Bb6 $5) 29. Bxd5 Bxd5+ 30. Rf3 Qg4+ 31. Bg3 Bd6 32. Rh3 Be7
33. Qe2 Be4 34. Qf2 a5 35. a4 ({Karjakin played this move because he calculated
} 35. Rh1 Bc5 36. Rh4 Qxh4 37. Bxh4 Bxf2 38. Kxf2 Bxf3 39. Kxf3 g6 40. Ke4 gxh5
41. Kd4 Kg7 (41... a4 $5) 42. Kc5 Kg6 (42... a4 $5) 43. Kxc6 Kf5 (43... a4 $5)
44. Kb5 Kg4 45. Bd8 h4 46. Kxa5 h3 47. Bc7 {and he imaged it would be nice to
have his pawn on a4!}) (35. Rh1) 35... c5 36. Rh1 Bf6 37. Re1 Bc6 38. Ree3 c4
39. Qe2 Qxh5 40. Qxc4 Bd7 41. Rd3 {"I didn’t see any draw for him so maybe I
didn’t play perfectly but I never lost an advantage." (Karjakin)} 1-0